Quản lý bọ cánh cứng hại dừa Brontispa longissima (Gestro, 1885) bằng biện pháp phóng thích ong ký sinh nhập nội Asecodes hispinarum Boucek : Luận án Tiến sĩ Nông nghiệp. Chuyên ngành: Bảo vệ thực vật

Đề tài giới thiệu hiện trạng những vườn dừa bị bọ cánh cứng hại dừa (B. longissima) xuất hiện, tấn công và gây hại ở các tỉnh phía Nam. Điều tra thiên địch của bọ dừa cánh cứng hại dừa trong tự nhiên. Đặc điểm của bọ cánh cứng hại du...

Full description

Saved in:
Bibliographic Details
Main Author: Hồ, Văn Chiến
Format: Book
Language:Undetermined
Published: Cần Thơ Trường Đại học Cần Thơ 2010
Subjects:
Tags: Add Tag
No Tags, Be the first to tag this record!
Institutions: Trung tâm Học liệu Trường Đại học Cần Thơ
LEADER 01707nam a2200229Ia 4500
001 CTU_163845
008 210402s9999 xx 000 0 und d
082 |a 632.96 
082 |b Ch305 
088 |a 62621001 
100 |a Hồ, Văn Chiến 
245 0 |a Quản lý bọ cánh cứng hại dừa Brontispa longissima (Gestro, 1885) bằng biện pháp phóng thích ong ký sinh nhập nội Asecodes hispinarum Boucek : 
245 0 |b Luận án Tiến sĩ Nông nghiệp. Chuyên ngành: Bảo vệ thực vật 
245 0 |c Hồ Văn Chiến ; Trần Văn Hai, Trần Tấn Việt (Hướng dẫn Khoa học) 
260 |a Cần Thơ 
260 |b Trường Đại học Cần Thơ 
260 |c 2010 
520 |a Đề tài giới thiệu hiện trạng những vườn dừa bị bọ cánh cứng hại dừa (B. longissima) xuất hiện, tấn công và gây hại ở các tỉnh phía Nam. Điều tra thiên địch của bọ dừa cánh cứng hại dừa trong tự nhiên. Đặc điểm của bọ cánh cứng hại dừa, ong ký sinh nhập nội. Hiệu quả kỹ thuật và hiệu quả kinh tế về quản lý bọ cánh cứng hại dừa bằng biện pháp phóng thích OKS nhập nội. 
650 |a Coconut,Insect pests,Cây dừa,Côn trùng gây hại,Parasitoids,Vật dạng ký sinh 
650 |x Biological control,Kiểm soát,Côn trùng và bệnh hại,Kiểm soát sinh học,Hosts,Vật chủ 
904 |i Năm 
980 |a Trung tâm Học liệu Trường Đại học Cần Thơ